000 00416nam a22001697a 4500
003 MPLRDC
005 20220104143731.0
008 210129b ||||| |||| 00| 0 eng d
082 _a805.188 LDJ
100 _a刘大杰著
245 _a10分钟速成英文会话
_c
260 _a
_b福林图书公司出版
_c1990
300 _b
490 _a英语自修丛书; 5
650 _a
942 _cBK
_o805.188 LDJ
999 _c42808
_d42798